|
|
|
|
| LEADER |
01357nam a2200361 a 4500 |
| 001 |
000720920 |
| 003 |
CZ BrMZK |
| 005 |
20070109162539.0 |
| 007 |
ta |
| 008 |
040610s2004 xr g f cze |
| 015 |
|
|
|a cnb001309550
|
| 020 |
|
|
|a 80-86523-31-4
|q (váz.)
|
| 035 |
|
|
|a (OCoLC)85099510
|
| 040 |
|
|
|a ULG001
|b cze
|d BOA001
|
| 041 |
1 |
|
|a cze
|h eng
|
| 072 |
|
7 |
|a 821.111-3
|x Anglická próza, anglicky psaná
|2 Konspekt
|9 25
|
| 080 |
|
|
|a 821.111-31
|2 MRF
|
| 080 |
|
|
|a (0:82-311.5)
|2 MRF
|
| 100 |
1 |
|
|a Wodehouse, P. G.
|q (Pelham Grenville),
|d 1881-1975
|7 jn19990009232
|4 aut
|
| 245 |
1 |
0 |
|a Nečekané dědictví /
|c P.G. Wodehouse ; [přeložil Jindřich Manďák]
|
| 250 |
|
|
|a Vyd. 1.
|
| 260 |
|
|
|a Praha :
|b PLOT,
|c 2004
|
| 300 |
|
|
|a 187 s. ;
|c 21 cm
|
| 500 |
|
|
|a Překlad z angličtiny
|
| 500 |
|
|
|a Dostupné též v digitální podobě v aplikaci Kramerius
|
| 655 |
|
7 |
|a anglické romány
|7 fd131814
|2 czenas
|
| 655 |
|
7 |
|a humoristické romány
|7 fd132431
|2 czenas
|
| 700 |
1 |
|
|a Manďák, Jindřich,
|d 1947-
|7 jn20001227085
|4 trl
|
| 765 |
0 |
|
|t Uneasy money
|9 Česky
|
| 856 |
4 |
1 |
|u http://www.digitalniknihovna.cz/mzk/uuid/uuid:76573840-4ae2-11e5-8851-005056827e51
|y Digitalizovaný dokument
|x NDK
|
| 910 |
|
|
|a BOA001
|b 2-1137.220
|
| 990 |
|
|
|a BK
|
| 996 |
6 |
|
|b 2610221999
|c 2-1137.220
|l MZK
|r Sklad / do 1 hodiny
|n 0
|p p.v.
|w 000720920
|u 000010
|a 1
|e BOA001
|j MZK50
|s P
|